Track List Album "Décennie" de Jul - Statistiques

Statistiques générales
  • Ce quiz a été pris 40 fois
  • Le résultat moyen est 12 sur 23
Statistiques - réponses
Hint Featuring Réponse % Correct
4 Rim'K Avec tonton
74%
10 Alonzo & SCH Le trio ternura
71%
14 DYSTINCT Oh qu'elle est belle
71%
1 Siège chauffant
66%
7 Le Rat Luciano & Zkr TP dans le froid
60%
5 Vacancia
60%
9 Baby Gang Blocco
57%
2 D'or et de diamant
57%
17 Kvra On sent pas les coups
57%
18 Cramoutch
54%
19 Découpage
54%
3 Je salue
51%
12 Power
51%
6 C'est pas grandiose
46%
20 Incognito
46%
8 Love de toi
46%
15 Mon top model
46%
13 Pitchi mamore
46%
16 Ne me fais plus coucou
40%
21 Couz
37%
11 Tout ce qu'il faut
37%
23 Single de Moubarak Corps griffé
29%
22 Single de Houari Sicaro
3%
Aucun quiz correspondant
Distribution des résultats
% des personnes avec chaque résultat
Percentile par nombre de réponses
Votre historique - résultats
Vous n’avez pas pris ce quiz